Statistics for I Answers Quiz #1

Click here to take the quiz!

General Stats

  • This quiz has been taken 37,633 times
  • The average score is 17 of 24

Answer Stats

Clue Answer % Correct
Baghdad is its capitalIraq
95%
Element with symbol FeIron
93%
World's second-largest religionIslam
92%
Inability to sleepInsomnia
91%
U.S. state known for potatoesIdaho
91%
Constantinople's new nameIstanbul
89%
Former piano key materialIvory
87%
"Terrible" czar of RussiaIvan
85%
The Emerald IsleIreland
82%
Epic poem by HomerIliad
79%
Country settled by Norsemen in 874 ADIceland
76%
Type of toothIncisor
74%
Native people of the ArcticInuit
72%
Peninsula of Spain and PortugalIberia
70%
Spanish party islandIbiza
69%
Andean empire conquered by PizarroInca
69%
Greek legend who flew too close to the sunIcarus
69%
Country where you'll find the Spice IslandsIndonesia
66%
Egyptian mother goddessIsis
56%
Greek letter, or tiny amountIota
54%
Traditional capital of the Scottish highlandsInverness
41%
Call him the protagonist of "Moby Dick"Ishmael
41%
Alaskan sled-dog raceIditarod
35%
First name of baseball player SuzukiIchiro
25%

Score Distribution

Percentile by Number Answered

Percent of People with Each Score

Your Score History

You have not taken this quiz